| 000 | 02751nam a2200409 c 4500 | ||
|---|---|---|---|
| 003 | BLK | ||
| 005 | 20180604093605.0 | ||
| 008 | 180408b bul|||||r ||||||| ||bul|| | ||
| 010 | _aKNG00059622000 | ||
| 020 |
_a954-9453-05-7 _bиздат.: Юнион-21 - на том(ч. 5, т. 2) |
||
| 040 | _aBLK | ||
| 041 |
_aBUL _cBUL |
||
| 080 |
_aДвижения в полза на определени раси и националности (ционизъм, негърският въпрос в САЩ и др.) _b323.13 _x(=924)(091) _z323.13(=924)(091) |
||
| 080 |
_aДвижения срещу определени раси и националности _b323.12 _x(=924) _z323.12(=924) |
||
| 080 |
_aЕврейска религия. Юдаизъм-Тора, пророци, Писания(Танах(Тенак)или Библия). Талмуд, Мидраш, Зоар(Устния закон). Секти(самаряни, фарисеи, садукеи, есейски и кумрански общини, прозелити. Халак _b26 _x _z26 |
||
| 080 |
_aИстория на Втората световна война (1939-1945) _b940.53 _x(=924) _z940.53(=924) |
||
| 100 | 1 |
_aИфандиев, Георги Менелаев _eпърви автор _973236 |
|
| 139 |
_aИфандиев, Георги Менелаев _bИ 96 |
||
| 245 | 1 | 0 |
_aСянката на Цион _bЧ. 1 - _cГеорги Менелаев Ифандиев. _nЧ. 5. Т. 2 |
| 257 | _aBGR | ||
| 260 |
_аСофия _bЖарава _c2003 - |
||
| 300 | _c20 см | ||
| 380 | _a3 | ||
| 650 | 4 |
_aЦионизъм _9177316 |
|
| 650 | 4 |
_aЕврейски въпрос _9265152 |
|
| 650 | 4 |
_aЮдаизъм _9177984 |
|
| 650 | 4 |
_aВтора световна война - жестокости _9265154 |
|
| 653 | _aционизъм | ||
| 653 | _aеврейски въпрос | ||
| 653 | _aюдаизъм | ||
| 760 | 1 |
_3- на том(ч. 5, т. 2) _aИфандиев, Георги Менелаев _dСофия, Юнион-21, 2006 _h464 с. _nСъдържаи Списък на популярни автори с еврейски произход ; Откъс от книгата на Дейвид Дюк Моето пробуждаве: един път към расовото разбирателство ; Списък на евреите, които заемат висши ръководни постове в американските медии и в Холивуд ; Списък на източници,от които става видно еврейското господство в медиите и Холивуд _tЧ. 5. Т. 2 |
|
| 852 | _aЦб 213602 | ||
| 856 | 4 |
_qpdf _u |
|
| 856 | 4 |
_qpdf _u |
|
| 942 |
_cKNG _n0 _02 |
||
| 944 |
_aCR _c29.05.2006 _kГеновева_Генчева |
||
| 944 |
_aED _c07.05.2007 _k |
||
| 999 |
_c55651 _d55651 |
||